01007nam a2200229 a 450000100100000000500170001000800410002702000180006804000250008610000450011124501390015626000440029530000360033950000210037550400320039650000700042850400730049870000410057171000430061295201050065599900170076000004310120201002040635.0140219s2011 sp ac 000 0 spa d a9788497816526 aDO-SdBNPbspacBNPHU1 aGorrochategui Santos, Luisd1960-97062510aContra Armada :bla mayor catátrofe naval de la historia de Inglaterra /cLuis Gorrochategui Santos ; prólogo José Cervera Pery. a[s.l.] :bMinisterio de Defensa,c2011. a433 p. :bil., retrs. ;c24 cm. aIncluye índice aBibliografía : p. 429-433 aIncluye datos biográficos del autor en la solapa de la cubierta aIncluye referencias bibliográficas y notas al pie de las páginas1 aCervera Pery, Joséepról.9706262 aEspañabMinisterio de Defensa970627 001050718MOaGRbGRcCTd2014-02-19iLF1l0o p43101-10r2020-06-25w2020-06-25y1ZNo se presta c42590d42590